000 00375cam a2200157ua 4500
003 OSt
005 20260213114710.0
008 260213b |||||||| |||| 00| 0 eng d
041 _aeng
082 _a028.72627
_bGOV/MA
245 _aMadras highways manual, Vol 2 /
250 _a1 /
260 _aIndia :
_bGovernment of Madras ,
_c1960.
300 _a556 ; .
942 _cBK
999 _c5524
_d5524